• 首页
  • 本馆介绍
  • 公告通知
  • 最新文献
  • 馆藏检索
  • 电子资源
  • 读者导购
  • 参考咨询
  • 我的图书馆
  • 登录
  • 详细信息显示
  • 放入我的书架
  • 预约/预借图书
  • 作者相关作品
  • 分类相关作品
  • 丛书相关作品
  • 出版社相关作品

书目信息

  • 表格格式
  • 工作单格式
  • 卡片格式
题名:
邓小平的谋略世界
    
 
作者: 屠春友 著
分册:  
出版信息: 成都   四川人民出版社  2004
页数: 21,10,402页
开本: 24cm
丛书名: 纪念邓小平诞辰100周年书系
单 册:
中图分类: A765
科图分类:
主题词:
电子资源:
ISBN: 7-220-06632-5
000 00895nam0 2200253 450
001 TS2006024472
005 20061228090620.87
010    @a7-220-06632-5@dCNY42.00
100    @a20060829d2004 emky0chiy0110 ea
101 0  @achi
102    @aCN@b510000
105    @ay z 000yy
200 1  @a邓小平的谋略世界@ADeng Xiao Ping De Mou Lue Shi Jie@f屠春友著@FTu Chun You Zhu
210    @a成都@c四川人民出版社@d2004
215    @a21,10,402页@d24cm
225 1  @a纪念邓小平诞辰100周年书系
225 2  @a邓小平的世界@e博士视野中的邓小平
330    @a本书阐述了邓小平谋略的形成及其精髓、邓小平谋略的主体意识和价值取向、邓小平谋略的运思特点和运思方法、邓小平谋略的精神气质和方法艺术等内容。
410  0 @12001 @a邓小平的世界
600  0 @a邓小平@f(1904~1997)@x谋略
690    @aA765@v4
701  0 @a屠春友@ATu Chun You@f(1963.8~)@4著
801  0 @aCN@b中图数据@c20061228
905    @a10447@dA765@e177
    
    邓小平的谋略世界/屠春友著.-成都:四川人民出版社,2004
    21,10,402页;24cm.-(纪念邓小平诞辰100周年书系).-(邓小平的世界:博士视野中的邓小平)
    
    
    ISBN 7-220-06632-5:CNY42.00
    本书阐述了邓小平谋略的形成及其精髓、邓小平谋略的主体意识和价值取向、邓小平谋略的运思特点和运思方法、邓小平谋略的精神气质和方法艺术等内容。
●
相关链接 在E读中查询图书 在五车中查询图书 在当当中查询图书 在豆瓣中查询图书


正题名:邓小平的谋略世界     索取号:A765/177         预约/预借

序号 登录号 条形码 馆藏地/架位号 状态 备注
1 0604014   206040149   第一样本阅览室/ [索取号:A765/177] 在馆    
2 0604015   206040158   第一借阅区/ [索取号:A765/177] 在馆    
3 0604016   206040167   第一借阅区/ [索取号:A765/177] 在馆    
4 0604017   206040176   第一借阅区/ [索取号:A765/177] 在馆    
5 0604018   206040185   第一借阅区/ [索取号:A765/177] 在馆    
6 0604019   206040194   第一借阅区/ [索取号:A765/177] 在馆    
唐山师范学院图书馆 欢迎您!
大连网信软件有限公司© 版权所有